000 00242 a2200097 4500
001 56806
100 _a
245 _aMagnetohydrodynamics ; historical evolution and trends
260 _aNetherlands
_bSciecne edt
_c2007
090 _c34890
_d34890
942 _aNUST-CAE
_c
_c27658
999 _c291879
_d291879